000 01884nam0a2200373 4500
001 RU\NLR\BIBL_A\011837017
005 20181106124409.0
010 _a978-5-386-10801-4
_9200
021 _aRU
_bКН-П-18-070984
_9КН-П-18-5105
035 _a(NLR Aleph) 011837017
035 _a(RuMoRGB)009751328
090 _a12036707
_c12036707
100 _a20181024d2018 u y0rusy50 ca
101 0 _arus
_aeng
102 _aRU
105 _a z ||000z
200 1 _aИсследование палинологических объектов методами электронной микроскопии
_dElectron microscopy for morphology of pollen and spores
_fН. Е. Завьялова, М. В. Теклева, С. В. Полевова, А. Г. Богданов
_zeng
210 _aМосква
_cРИПОЛ классик
_d2018
215 _a333 с.
_cил., табл., факс., цв. ил.
_d25
300 _aАвт. также на англ. яз.: N. Zavialova, M. Tekleva, S. Polevova, A. Bogdanov
300 _aТекст парал. рус. англ.
320 _aБиблиогр.: с. 323-333
510 1 _aElectron microscopy for morphology of pollen and spores
_zeng
606 1 _aЭлектронная микроскопия
_xПрименение в палинологии
_92385793
_3RU\NLR\AUTH\6601643841
686 1 _aЕ564.221.1в733.7
701 1 _aЗавьялова
_bН. Е.
_gНаталья Евгеньевна
701 1 _aТеклева
_bМ. В.
_gМария Владимировна
701 1 _aПолевова
_bС. В.
_gСветлана Вячеславовна
701 1 _7ca
_8rus
_aБогданов
_bА. Г.
_cинженер, микроскопия
_gАнатолий Георгиевич
_9181025
_3RU\NLR\AUTH\770181076
942 _cBOOK
980 _aNBR
980 _aNB